| 000 | 00547nam a2200181Ia 4500 | ||
|---|---|---|---|
| 999 |
_c28761 _d28761 |
||
| 003 | GCL | ||
| 005 | 20240530101926.0 | ||
| 008 | 140319s9999 xx 000 0 ara d | ||
| 040 |
_aGCL / _cGCL |
||
| 082 | 0 | 4 |
_a185 _bا ت |
| 100 | _aمحمود قاسم | ||
| 245 | 1 | 0 |
_aتلخيص كتاب العبارة _cمحمود قاسم |
| 260 |
_a[S.N] : _bالهيئة المصرية العامة للكتاب ، _c1981 |
||
| 300 | _a125 | ||
| 700 | 1 | _aتشارلس بترورث | |
| 700 | 1 | _aاحمد عبدالمجيد هريدى | |
| 942 |
_2ddc _cBK |
||